000 00839nam a22003017a 4500
001 4486931
003 OSt
005 20140310181713.0
008 970327s1995 ph a 000 1 eng
010 _a 96946163
020 _a9716300506 (hard)
020 _a9716300409 (pbk.)
040 _aDLC
_cDLC
042 _alcode
050 0 0 _aPL 5542
_b.Ar7 1995
082 _aFIL 899.210
_bAr2 1995
100 1 _aArcellana, Francisco.
245 1 4 _aThe mats /
_cby Francisco Arcellana ; illustrated by Hermès Alègrè.
250 _a1st. ed.
260 _aManila :
_bTahanan Books for Young Readers,
_cc1995.
300 _a1 v. (unpaged) :
_bcol. ill. ;
_c24 cm.
500 _aChildren story.
562 _e1
906 _a7
_bcbc
_corigode
_d4
_encip
_f19
_gy-gencatlg
942 _2lcc
_cBK
999 _c1637
_d1637